000 00284nam a2200121Ia 4500
008 190216s9999||||xx |||||||||||||| ||und||
100 _aUdaya Sankar
245 0 _aNadappuninam - Kalikalakathakal
260 _bCurrent Books
_c1993
300 _a74
650 _aKathakal
942 _cBK
999 _c30363
_d30363